书目信息 |
| 题名: |
企业信息化之道
|
|
| 作者: | 张明德 , 王琳 主编 | |
| 分册: | ||
| 出版信息: | 北京 电子工业出版社 2024.07 |
|
| 页数: | 16,373页 | |
| 开本: | 26cm | |
| 丛书名: | ||
| 单 册: | ||
| 中图分类: | F272.7-39 | |
| 科图分类: | ||
| 主题词: | 企业信息化--企业管理 | |
| 电子资源: | ||
| ISBN: | 978-7-121-48500-8 | |
| 000 | 00889nam0 2200241 450 | |
| 001 | 013103049 | |
| 005 | 20251022173200.93 | |
| 010 | @a978-7-121-48500-8@dCNY98.00 | |
| 100 | @a20240830d2024 em y0chiy0120 ea | |
| 101 | 0 | @achi |
| 102 | @aCN@b110000 | |
| 105 | @aa z 000yy | |
| 106 | @ar | |
| 200 | 1 | @a企业信息化之道@9qi ye xin xi hua zhi dao@e从新手到CIO@f张明德,王琳主编 |
| 210 | @a北京@c电子工业出版社@d2024.07 | |
| 215 | @a16,373页@c图@d26cm | |
| 330 | @a本书以CIO视角,从六个方面全面介绍企业信息化工作涉及的相关知识和方法,具体包括:如何理解企业信息化、企业信息化主要方法、企业经营管理基础知识、信息技术基础知识、企业信息化应用实践、政策法规与标准规范。 | |
| 606 | 0 | @a企业信息化@x企业管理 |
| 690 | @aF272.7-39@v5 | |
| 701 | 0 | @a张明德@9zhang ming de@4主编 |
| 701 | 0 | @a王琳@9wang lin@4主编 |
| 801 | 0 | @aCN@c20250910 |
| 905 | @a河南城建学院图书馆@dF272.7@eZ140@ZZ140@f1 | |
| 企业信息化之道:从新手到CIO/张明德,王琳主编.-北京:电子工业出版社,2024.07 |
| 16,373页:图;26cm |
| ISBN 978-7-121-48500-8:CNY98.00 |
| 本书以CIO视角,从六个方面全面介绍企业信息化工作涉及的相关知识和方法,具体包括:如何理解企业信息化、企业信息化主要方法、企业经营管理基础知识、信息技术基础知识、企业信息化应用实践、政策法规与标准规范。 |
| ● |
| 相关链接 |
|
|
|
正题名:企业信息化之道
索取号:F272.7/Z140
 
预约/预借
| 序号 | 登录号 | 条形码 | 馆藏地/架位号 | 状态 | 备注 |
| 1 | 1634580 | 216345809 | 社科库409/409社科库 88排2列3层/ [索取号:F272.7/Z140] | 在馆 |